Представление документа в формате RUSMARC

Поле Инд. ПП Название Значение
Тип записи a
Библиографический уровень a
001 Контрольный номер ece6916ea593484d9d5dca5c7d4fdf30
005 Дата корректировки 20181120134525.5
100 a Данные общей обработки 20180625 ||| 0rusy0189 ca
101 0_ a Язык текста rus
102 a Страна публикации RU
200 1_ f Первые сведения об ответственности В. Алистархов
a Заглавие Суд должен рассудить спор между управляющей компанией, собственниками помещений и арендаторами
210 d Дата издания 2018
461 _0 1 2000
a Жилищное право
463 _0 1 2000
a №5
v С. 21-27
1 2101
d 2018
1 001d514e062977e4835a5a508c9ed62e69e
606 a Основная рубрика Гражданское и торговое право
610 0_ a Ключевые слова ЖИЛИЩНОЕ ПРАВО; ЖИЛИЩНО-КОММУНАЛЬНОЕ ХОЗЯЙСТВО; ЭНЕРГОСНАБЖЕНИЕ; СУДЕБНАЯ ПРАКТИКА
700 _1 a Фамилия Алистархов
b Имя В.
801 _0 a Страна RU
b Организация РГУП
c Дата составления 20180625
g Правила каталогизации PSBO
801 _1 a Страна RU
b Организация РГУП
c Дата составления 20180625
g Правила каталогизации PSBO
901 t Тип документа b
w Контрольный № источника d514e062977e4835a5a508c9ed62e69e
905 a Дата ввода 20180625